Normal view MARC view
  • National Association of Auctioneers, House Agents, Rating Surveyors and Valuers

Entry Corporate Name

Number of records used in: 1

001 - CONTROL NUMBER

  • control field: 6087

003 - CONTROL NUMBER IDENTIFIER

  • control field: OSt

005 - DATE AND TIME OF LATEST TRANSACTION

  • control field: 20190806150249.0

008 - FIXED-LENGTH DATA ELEMENTS

  • fixed length control field: 120611n| acannaabn |n ana d

040 ## - CATALOGING SOURCE

  • Original cataloging agency: OSt
  • Transcribing agency: OSt

110 2# - HEADING--CORPORATE NAME

  • Corporate name or jurisdiction name as entry element: National Association of Auctioneers, House Agents, Rating Surveyors and Valuers
  • Subordinate unit: Sussex - Surrey Branch

670 ## - SOURCE DATA FOUND

  • Source citation: Annual report 1938, 1938